Innovation Management and Information Acquisition

Riadenie inovácií a úloha informácii v inovačnej stratégií.

Salvato in:
Dettagli Bibliografici
Autore principale: Kovaľová, Marcela
Altri autori: Kulčár, Ladislav
Natura: Capitolo di libro
Lingua:inglese
Soggetti:
Tags: Aggiungi Tag
Nessun Tag, puoi essere il primo ad aggiungerne!!

MARC

LEADER 00000naa a2200000 4500
001 0242962
005 20221104110211.2
041 0 |a eng 
044 |a SK 
245 1 0 |a Innovation Management and Information Acquisition  |c Marcela Kovaľová, Ladislav Kulčár 
520 |a Riadenie inovácií a úloha informácii v inovačnej stratégií. 
610 2 0 |a stratégia informačná 
610 2 0 |a stratégia inovačná 
610 2 0 |a manažment 
610 2 0 |a informácie 
100 1 |a Kovaľová, Marcela 
700 1 |a Kulčár, Ladislav